Nové príležitosti zamestnania

Rast a tvorba pracovných miest. Európske služby zamestnanosti (EURES). Úlohy portálu EURES - pomoc s umiestnením záujemcov na voľné pracovné miesta v krajinách EÚ a informovanie o životných a pracovných podmienkach v daných krajinách. Portál EURES a cezhraničné regióny. Európske sociálne projekty -...

Celý popis

Uložené v:
Podrobná bibliografia
Hlavný autor: Hrašková, Dagmar
Médium: Kapitola
Jazyk:Slovak
Predmet:
Tagy: Pridať tag
Žiadne tagy, Buďte prvý, kto otaguje tento záznam!

MARC

LEADER 00000naa a2200000 4500
001 0224801
005 20231120135930.5
041 0 |a slo 
044 |a SK 
245 1 0 |a Nové príležitosti zamestnania  |c Dagmar Hrašková 
520 |a Rast a tvorba pracovných miest. Európske služby zamestnanosti (EURES). Úlohy portálu EURES - pomoc s umiestnením záujemcov na voľné pracovné miesta v krajinách EÚ a informovanie o životných a pracovných podmienkach v daných krajinách. Portál EURES a cezhraničné regióny. Európske sociálne projekty - Práca na dosah, Vzdelanie po ruke. 
610 2 0 |a služby zamestnanosti 
610 2 0 |a projekty 
610 2 0 |a Európska únia 
100 1 |a Hrašková, Dagmar